000 00440 a2200157 4500
020 _a 0333902980
040 _aDLC
_bDLC
082 _a954
100 _aMajumdar, R. C.
245 _aAn advanced history of India
_cR. C, Majumdar.
260 _aNew Delhi :
_b Macmillan India,
_c2004.
300 _axi, 1147 p. :
_bill. ;
_c 22 cm.
500 _aIncludes Index
650 _a1.H. C. Raychaudhuri.2.Kalikinkar Datta.
942 _cBK
_k954 MAJ
_2ddc
999 _c5102
_d5102